000 00493nam a2200145 a 4500
008 120416s1983 xx |||||||||||||| || u
050 _aHB 172.5 Chr
100 _aChrystal, K. A
245 1 0 _aContraversies in macroeconomics
250 _a2nd ed.
260 _c1983
300 _aviii, 181p. : ill.
350 _a0.00
995 _D0.00
_FCBU-MAIN LIBRARY (Kitwe)
_H1
_I4.95
_M1
_UAVAILABLE
_WOct 18, 2006
_ZAnnex Low-Usage Collection
999 _c38695
_d38695